Informačná bezpečnosť v rokoch 2008 až 2020 v sektore MSP na Slovensku

Vývoj v oblasti prístupu k informačnej bezpečnosti v sektore malých a stredných podnikov na Slovensku a zisťovanie, či sa malé a stredné podniky v prístupe k informačnej bezpečnosti odlišujú. Prieskum v oblasti informačnej bezpečnosti v sektore malých a stredných podnikov na Slovensku realizovaný v...

Ausführliche Beschreibung

Gespeichert in:
Bibliographische Detailangaben
1. Verfasser: Beláňová, Benita, 1973-
Weitere Verfasser: Hamranová, Anna, 1957-
Format: Buchkapitel
Sprache:Slowakisch
Schlagworte:
Tags: Tag hinzufügen
Keine Tags, Fügen Sie das erste Tag hinzu!

MARC

LEADER 00000naa$a2200000$$$4500
001 0281096
005 20240521124442.8
041 0 |a slo 
044 |a SK 
245 1 0 |a Informačná bezpečnosť v rokoch 2008 až 2020 v sektore MSP na Slovensku  |c Benita Beláňová, Anna Hamranová 
520 |a Vývoj v oblasti prístupu k informačnej bezpečnosti v sektore malých a stredných podnikov na Slovensku a zisťovanie, či sa malé a stredné podniky v prístupe k informačnej bezpečnosti odlišujú. Prieskum v oblasti informačnej bezpečnosti v sektore malých a stredných podnikov na Slovensku realizovaný v rokoch 2008 – 2020. 
610 2 0 |a bezpečnosť informačná 
610 2 0 |a technológie informačné 
610 2 0 |a technológie komunikačné 
610 2 0 |a podnik malý 
610 2 0 |a podnik stredný 
610 2 0 |a prieskum 
610 2 0 |a Slovensko 
100 1 |a Beláňová, Benita, 1973- 
700 1 |a Hamranová, Anna, 1957-